| 000 | 00373nam a2200145Ia 4500 | ||
|---|---|---|---|
| 005 | 20260328104338.0 | ||
| 008 | 260328s9999||||xx |||||||||||||| ||und|| | ||
| 100 | _aPagini, Franca | ||
| 245 | 0 |
_aLos Materiales del Hombre : _b SeƱor Ladrillo / _cFranca Pagini |
|
| 250 | _a1a ed. | ||
| 260 | _bVillegas Editores | ||
| 300 | _a325 p. | ||
| 650 | _aLADRILLO | ||
| 942 | _cBK | ||
| 999 |
_c11980 _d11980 |
||